Titres des tomes de Lou! - Statistiques

Statistiques générales
  • Ce quiz a été pris 8 fois
  • Le résultat moyen est 5 sur 8
Statistiques - réponses
tome titre % Correct
1 journal infime
100%
3 le cimetière des autobus
88%
2 mortebouse
88%
7 la cabane
75%
4 idylles
50%
6 l'âge de cristal
50%
5 laser ninja
25%
8 en route vers de nouvelles aventures
13%
Aucun quiz correspondant
Distribution des résultats
% des personnes avec chaque résultat
Percentile par nombre de réponses
Votre historique - résultats
Vous n’avez pas pris ce quiz